[Event "Florianopolis op 10th"]
[Site "Florianopolis"]
[Date "2024.01.23"]
[Round "5"]
[White "Pereira, Arthur Macedo"]
[Black "Delgado, Lidio Dias"]
[Result "1/2-1/2"]
[WhiteElo "1764"]
[BlackElo "2110"]
[PlyCount "41"]
[EventDate "2024.01.20"]
[EventType "swiss"]
[EventRounds "10"]
[EventCountry "BRA"]
[SourceTitle "CB05_2024"]
[SourceDate "2024.01.31"]
[SourceVersion "1"]
[SourceVersionDate "2024.01.31"]
[SourceQuality "1"]

1. Nf3 d5 2. e3 Nf6 3. c4 e6 4. b3 Bd6 5. Bb2 0-0 6. Nc3 c6 7. d4 Nbd7 8. Qc2 Qe7 9. Bd3 a6 10. 0-0 e5 11. cxd5 cxd5 12. dxe5 Nxe5 13. Be2 Nc6 14. Rfd1 Rd8 15. Rac1 Bg4 16. Nd4 Nxd4 17. Rxd4 Be6 18. Bf3 Be5 19. Rdd1 Rac8 20. Qb1 Rc7 21. Ne2 1/2-1/2

[Event "Caioba op 7th"]
[Site "Caioba"]
[Date "2023.06.21"]
[Round "5"]
[White "Delgado, Lidio Dias"]
[Black "Do Valle Cardoso, Lucas"]
[Result "0-1"]
[WhiteElo "2115"]
[BlackElo "2247"]
[PlyCount "74"]
[EventDate "2023.06.18"]
[EventType "swiss"]
[EventRounds "9"]
[EventCountry "BRA"]
[SourceTitle "CBM 214 Extra"]
[Source "ChessBase"]
[SourceDate "2023.07.31"]
[SourceVersion "1"]
[SourceVersionDate "2023.07.31"]
[SourceQuality "1"]

1. d4 d5 2. Nf3 Nf6 3. c4 dxc4 4. e3 b5 5. Nc3 a6 6. a4 b4 7. Na2 e6 8. Bxc4 Be7 9. 0-0 0-0 10. Qe2 Bb7 11. Bd2 a5 12. Rfd1 Nbd7 13. Nc1 Qb8 14. Nb3 c5 15. h3 Rc8 16. Nxc5 Nxc5 17. dxc5 Ne4 18. Be1 Nxc5 19. Nd4 Qe5 20. Nb3 Nxb3 21. Bxb3 Ba6 22. Qg4 Qxb2 23. Rab1 Qe5 24. Rd7 Rc7 25. f4 Qxe3+ 26. Bf2 Qe4 27. Rbd1 Rxd7 28. Rxd7 Bf6 29. f5 Qb1+ 30. Bd1 Qxf5 31. Qxf5 exf5 32. Bb3 h6 33. Rxf7 Kh8 34. Be6 Bd3 35. g4 fxg4 36. hxg4 Bc2 37. g5 hxg5 0-1

[Event "Curitiba Parana op"]
[Site "Curitiba"]
[Date "2023.04.23"]
[Round "6"]
[White "De Araujo, Adalberto Marcos"]
[Black "Delgado, Lidio Dias"]
[Result "1/2-1/2"]
[WhiteElo "2165"]
[BlackElo "2121"]
[PlyCount "48"]
[EventDate "2023.04.21"]
[EventType "swiss"]
[EventRounds "6"]
[EventCountry "BRA"]
[SourceTitle "CBM 214 Extra"]
[Source "ChessBase"]
[SourceDate "2023.07.31"]
[SourceVersion "1"]
[SourceVersionDate "2023.07.31"]
[SourceQuality "1"]

1. d4 Nf6 2. c4 e6 3. Nf3 d5 4. Nc3 Be7 5. Bg5 h6 6. Bh4 0-0 7. e3 b6 8. cxd5 Nxd5 9. Bxe7 Qxe7 10. Nxd5 exd5 11. Qb3 Be6 12. Rc1 c5 13. Qa3 Rc8 14. Bb5 a6 15. dxc5 bxc5 16. 0-0 Ra7 17. Be2 Nd7 18. Rfd1 Nf6 19. Ne5 Bf5 20. Nd3 Bxd3 21. Rxd3 Rac7 22. Bf3 Qe6 23. Rcd1 c4 24. R3d2 c3 1/2-1/2

[Event "Florianopolis op 9th"]
[Site "Florianopolis"]
[Date "2023.01.23"]
[Round "1"]
[White "Delgado, Lidio Dias"]
[Black "Ramazzotte, Maicon Zilli"]
[Result "1-0"]
[WhiteElo "2150"]
[BlackElo "1562"]
[PlyCount "49"]
[EventDate "2023.01.23"]
[EventType "swiss"]
[EventRounds "10"]
[EventCountry "BRA"]
[SourceTitle "CBM 212 Extra"]
[Source "ChessBase"]
[SourceDate "2023.03.31"]
[SourceVersion "1"]
[SourceVersionDate "2023.03.31"]
[SourceQuality "1"]

1. d4 Nf6 2. Nf3 e6 3. c4 d5 4. g3 Be7 5. Bg2 0-0 6. 0-0 b6 7. cxd5 exd5 8. Nc3 c6 9. Bf4 Bb7 10. Rc1 Nbd7 11. Ne5 c5 12. e3 h6 13. h4 Ne4 14. Nxe4 dxe4 15. Qa4 Nxe5 16. Bxe5 f6 17. dxc5 Bxc5 18. b4 Bd6 19. Bxd6 Qxd6 20. Rfd1 Qe6 21. Rc7 Rf7 22. Rxf7 Qxf7 23. Rd7 Qe8 24. Qb3+ Kh8 25. Rxb7 1-0

[Event "Caioba Telecom op"]
[Site "Caioba"]
[Date "2018.08.04"]
[Round "8"]
[White "Delgado, Lidio Dias"]
[Black "Mariani, Daniel Brandao"]
[Result "1/2-1/2"]
[WhiteElo "2188"]
[BlackElo "2042"]
[PlyCount "41"]
[EventDate "2018.08.01"]
[EventType "swiss"]
[EventRounds "9"]
[EventCountry "BRA"]
[SourceTitle "CBM 186 Extra"]
[Source "ChessBase"]
[SourceDate "2018.08.24"]
[SourceVersion "1"]
[SourceVersionDate "2018.08.24"]
[SourceQuality "1"]

1. e4 e5 2. Nf3 Nf6 3. Nxe5 d6 4. Nf3 Nxe4 5. d4 d5 6. Bd3 Nc6 7. 0-0 Be7 8. c4 Nb4 9. Be2 0-0 10. Nc3 Bf5 11. Bf4 Rc8 12. a3 Nxc3 13. bxc3 Nc6 14. Ne5 Nxe5 15. Bxe5 c6 16. c5 Re8 17. Bg3 Bh4 18. Bd6 Be7 19. Bg3 Bh4 20. Bd6 Be7 21. Bg3 1/2-1/2

[Event "Parana-ch"]
[Site "Pirai do Sul"]
[Date "2017.02.04"]
[Round "7"]
[White "Nemeth Junior, Henrique"]
[Black "Delgado, Lidio Dias"]
[Result "1-0"]
[WhiteElo "1990"]
[BlackElo "2209"]
[PlyCount "77"]
[EventDate "2017.02.01"]
[EventType "swiss"]
[EventRounds "8"]
[EventCountry "BRA"]
[SourceTitle "CBM 176 Extra"]
[Source "ChessBase"]
[SourceDate "2017.03.02"]
[SourceVersion "1"]
[SourceVersionDate "2017.03.02"]
[SourceQuality "1"]

1. e4 e6 2. d4 d5 3. Nd2 Nf6 4. e5 Nfd7 5. c3 c5 6. f4 Nc6 7. Ndf3 cxd4 8. cxd4 Bb4+ 9. Kf2 f6 10. g3 Qb6 11. Kg2 0-0 12. Bd3 Be7 13. Ne2 Rf7 14. g4 Nf8 15. exf6 gxf6 16. h3 e5 17. dxe5 fxe5 18. Bc2 e4 19. Nfd4 Bc5 20. Nb3 Be6 21. f5 Ne7 22. Rf1 Bd7 23. Bd2 Bb5 24. Nxc5 Qxc5 25. Bc3 Nc6 26. Bb3 Rd8 27. Ng3 Bc4 28. Qc1 e3 29. Bxc4 Qxc4 30. Qxe3 d4 31. Qg5+ Rg7 32. Qf4 Qd5+ 33. Kh2 dxc3 34. Rad1 Qf7 35. Rxd8 Nxd8 36. Nh5 cxb2 37. Qd4 Rg6 38. fxg6 Qxf1 39. Qg7# 1-0

[Event "Parana-ch"]
[Site "Pirai do Sul"]
[Date "2017.02.03"]
[Round "4"]
[White "Delgado, Lidio Dias"]
[Black "Yano, William Jorge Froes"]
[Result "1/2-1/2"]
[WhiteElo "2209"]
[BlackElo "2071"]
[PlyCount "50"]
[EventDate "2017.02.01"]
[EventType "swiss"]
[EventRounds "8"]
[EventCountry "BRA"]
[SourceTitle "CBM 176 Extra"]
[Source "ChessBase"]
[SourceDate "2017.03.02"]
[SourceVersion "1"]
[SourceVersionDate "2017.03.02"]
[SourceQuality "1"]

1. e4 e6 2. d4 d5 3. Nd2 h6 4. Ngf3 Nf6 5. Bd3 c5 6. c3 Nc6 7. 0-0 cxd4 8. cxd4 Qb6 9. e5 Ng8 10. Nb3 Bd7 11. Be3 Nb4 12. Be2 Ba4 13. Qd2 Bxb3 14. axb3 Ne7 15. Ne1 Nec6 16. f4 g6 17. g4 0-0-0 18. Nf3 Be7 19. Kg2 Rdg8 20. h3 Kb8 21. Rfc1 Na5 22. Bd1 h5 23. g5 Nbc6 24. Qd3 Rc8 25. Bd2 Rc7 1/2-1/2

[Event "Parana-ch"]
[Site "Pirai do Sul"]
[Date "2017.02.01"]
[Round "1"]
[White "Lopes da Silva, Matheus"]
[Black "Delgado, Lidio Dias"]
[Result "0-1"]
[WhiteElo "1592"]
[BlackElo "2209"]
[PlyCount "88"]
[EventDate "2017.02.01"]
[EventType "swiss"]
[EventRounds "8"]
[EventCountry "BRA"]
[SourceTitle "CBM 176 Extra"]
[Source "ChessBase"]
[SourceDate "2017.03.02"]
[SourceVersion "1"]
[SourceVersionDate "2017.03.02"]
[SourceQuality "1"]

1. d4 Nf6 2. Nf3 c5 3. c3 e6 4. Bf4 Nc6 5. e3 d5 6. Nbd2 Bd6 7. Bxd6 Qxd6 8. Bd3 0-0 9. 0-0 e5 10. dxe5 Nxe5 11. Nxe5 Qxe5 12. h3 Bd7 13. Re1 Bc6 14. Nf3 Qc7 15. Qc2 Rfe8 16. Be2 Rad8 17. Rad1 Qa5 18. b3 Ne4 19. Rc1 Qc7 20. Red1 Qe7 21. c4 Ng5 22. Nxg5 Qxg5 23. Bf3 d4 24. Bxc6 bxc6 25. exd4 cxd4 26. Qd3 c5 27. Re1 g6 28. Kf1 a5 29. Rxe8+ Rxe8 30. Re1 Rxe1+ 31. Kxe1 Qxg2 32. Qe2 Qg1+ 33. Kd2 Qg5+ 34. Kd1 Qf5 35. Kd2 Kg7 36. a3 h5 37. f3 g5 38. Qe1 Qe6 39. Qxe6 fxe6 40. b4 cxb4 41. axb4 axb4 42. c5 Kf6 43. Kd3 b3 44. c6 Ke7 0-1

[Event "Matinhos Caioba-ch"]
[Site "Matinhos"]
[Date "2015.08.30"]
[Round "6"]
[White "Reichert, Thiago da Cruz"]
[Black "Delgado, Lidio Dias"]
[Result "1/2-1/2"]
[WhiteElo "2003"]
[BlackElo "2249"]
[PlyCount "66"]
[EventDate "2015.08.28"]
[EventType "swiss"]
[EventRounds "6"]
[EventCountry "BRA"]
[SourceTitle "EXT 2016"]
[Source "ChessBase"]
[SourceDate "2015.10.08"]
[SourceVersion "1"]
[SourceVersionDate "2015.10.08"]
[SourceQuality "1"]

1. d4 Nf6 2. c4 c5 3. Nf3 g6 4. g3 Bg7 5. Bg2 0-0 6. 0-0 d6 7. Nc3 Nc6 8. h3 cxd4 9. Nxd4 Nxd4 10. Qxd4 Be6 11. Qd3 Qc8 12. Nd5 Nxd5 13. Bxd5 Bxh3 14. Rd1 Be6 15. Bg5 Bxd5 16. Qxd5 Re8 17. Rac1 b6 18. b3 Qc7 19. Rd3 Rac8 20. Rcd1 Qc5 21. e4 Qa3 22. Rf3 Bf6 23. Bxf6 exf6 24. Rxf6 Rf8 25. Qd2 Rce8 26. f3 b5 27. cxb5 Qc5+ 28. Kg2 Qxb5 29. Rxd6 Rc8 30. Qe3 Rc2+ 31. R1d2 Rc7 32. Rd8 Rc2 33. R8d7 Rxd2+ 1/2-1/2

[Event "Matinhos Caioba op"]
[Site "Matinhos"]
[Date "2015.08.16"]
[Round "5"]
[White "Delgado, Lidio Dias"]
[Black "Batista, Renato Luiz"]
[Result "0-1"]
[WhiteElo "2249"]
[BlackElo "2117"]
[PlyCount "104"]
[EventDate "2015.08.14"]
[EventType "swiss"]
[EventRounds "6"]
[EventCountry "BRA"]
[SourceTitle "EXT 2016"]
[Source "ChessBase"]
[SourceDate "2015.10.08"]
[SourceVersion "1"]
[SourceVersionDate "2015.10.08"]
[SourceQuality "1"]

1. e4 c5 2. Nf3 d6 3. d4 cxd4 4. Qxd4 Nc6 5. Bb5 Bd7 6. Bxc6 Bxc6 7. Nc3 e6 8. Bg5 Nf6 9. 0-0-0 Be7 10. Rhe1 0-0 11. Qd2 Qa5 12. Nd4 Rfd8 13. f4 h6 14. h4 Rac8 15. g4 hxg5 16. hxg5 Nxe4 17. Nxc6 Nxd2 18. Nxa5 Nc4 19. Nxc4 Rxc4 20. Re4 Rxe4 21. Nxe4 d5 22. Nf2 Bd6 23. Nd3 g6 24. Kd2 Kg7 25. Rh1 Rc8 26. b3 b5 27. c3 a5 28. Rh3 b4 29. cxb4 axb4 30. Rh1 Ra8 31. Ra1 f6 32. gxf6+ Kxf6 33. Ke3 g5 34. Rh1 gxf4+ 35. Nxf4 Bxf4+ 36. Kxf4 Rxa2 37. g5+ Ke7 38. Rh7+ Kd6 39. Rb7 Rf2+ 40. Kg3 Rf1 41. Rxb4 Ke5 42. Kg2 Rf7 43. Kg3 d4 44. Rb5+ Ke4 45. Rb6 e5 46. Rf6 Rb7 47. Rf1 Rxb3+ 48. Kg4 d3 49. g6 d2 50. g7 Rb8 51. Kg5 Rg8 52. Kg6 Kd3 0-1

[Event "Matinhos Caioba op"]
[Site "Matinhos"]
[Date "2015.08.15"]
[Round "3"]
[White "Delgado, Lidio Dias"]
[Black "Weise, William Ferreira"]
[Result "1-0"]
[WhiteElo "2249"]
[BlackElo "1799"]
[PlyCount "57"]
[EventDate "2015.08.14"]
[EventType "swiss"]
[EventRounds "6"]
[EventCountry "BRA"]
[SourceTitle "EXT 2016"]
[Source "ChessBase"]
[SourceDate "2015.10.08"]
[SourceVersion "1"]
[SourceVersionDate "2015.10.08"]
[SourceQuality "1"]

1. e4 e6 2. d4 d5 3. Nc3 Nf6 4. Bg5 Be7 5. e5 Nfd7 6. h4 a6 7. Qg4 Kf8 8. Nf3 c5 9. dxc5 Nxc5 10. Bxe7+ Kxe7 11. Qxg7 Nbd7 12. 0-0-0 Qg8 13. Qg5+ Qxg5+ 14. hxg5 b5 15. Rd4 Nf8 16. Rdh4 Bb7 17. Bd3 Nxd3+ 18. cxd3 Bc6 19. Ne2 a5 20. Kd2 Rc8 21. Rh6 b4 22. Nfd4 Bd7 23. f4 Rg8 24. Nf3 Rg6 25. R6h2 Rg8 26. Nh4 Ng6 27. g3 Nxe5 28. fxe5 Rxg5 29. Nf3 1-0

[Event "Cuiaba Contaud op"]
[Site "Cuiaba"]
[Date "2015.08.01"]
[Round "4"]
[White "Delgado, Lidio Dias"]
[Black "Fonseca, Luis Ernesto Serra"]
[Result "1-0"]
[WhiteElo "2259"]
[BlackElo "2071"]
[PlyCount "144"]
[EventDate "2015.07.31"]
[EventType "swiss"]
[EventRounds "6"]
[EventCountry "BRA"]
[SourceTitle "EXT 2016"]
[Source "ChessBase"]
[SourceDate "2015.10.08"]
[SourceVersion "1"]
[SourceVersionDate "2015.10.08"]
[SourceQuality "1"]

1. e4 e5 2. Nf3 Nc6 3. Bb5 a6 4. Ba4 Nf6 5. 0-0 b5 6. Bb3 Be7 7. c3 d6 8. Qe2 Bg4 9. a4 Na5 10. Bc2 c6 11. d4 Nd7 12. Nbd2 0-0 13. b4 Nb7 14. Bb2 Bg5 15. h3 Bh5 16. Rfd1 exd4 17. cxd4 Re8 18. Nf1 d5 19. e5 Nb6 20. a5 Nc4 21. Bc3 Be7 22. Ng3 Bg6 23. Nf5 Bf8 24. g4 Nbd6 25. Kh2 Nxf5 26. gxf5 Bh5 27. Qd3 f6 28. Re1 Qc7 29. Kg2 Kh8 30. exf6 gxf6 31. Re6 Qf4 32. Rae1 Rxe6 33. fxe6 Bg6 34. Qe2 Bd6 35. Bxg6 hxg6 36. e7 Re8 37. Qe6 Kg7 38. Qd7 Kf7 39. Qe6+ Kg7 40. Qd7 Kf7 41. Qxc6 Qf5 42. Ng1 Bf4 43. Qxa6 Nd6 44. Re2 Ne4 45. Be1 Rxe7 46. Qxb5 Rc7 47. Qd3 Rc1 48. Qf3 Ng5 49. Qg4 Qxg4+ 50. hxg4 Ne6 51. Nf3 Nc7 52. Ra2 Nb5 53. a6 Rc8 54. Ra5 Nc7 55. Rc5 Ke7 56. Rc6 Rb8 57. Bd2 Bd6 58. g5 Kd7 59. a7 Ra8 60. Rb6 fxg5 61. Ne5+ Bxe5 62. dxe5 Rxa7 63. Be3 Ra6 64. Rb8 Ke6 65. b5 Nxb5 66. Rxb5 Kxe5 67. Rb4 Kf5 68. Kg3 Re6 69. Rg4 Kf6 70. Bxg5+ Kf5 71. Be3 Kf6 72. Rf4+ Kg7 1-0

[Event "Curitiba Sul Regional-ch"]
[Site "Curitiba"]
[Date "2015.07.11"]
[Round "4"]
[White "Guimaraes, Artemis Pamela"]
[Black "Delgado, Lidio Dias"]
[Result "0-1"]
[WhiteElo "1949"]
[BlackElo "2259"]
[PlyCount "58"]
[EventDate "2015.07.10"]
[EventType "swiss"]
[EventRounds "6"]
[EventCountry "BRA"]
[SourceTitle "EXT 2016"]
[Source "ChessBase"]
[SourceDate "2015.10.08"]
[SourceVersion "1"]
[SourceVersionDate "2015.10.08"]
[SourceQuality "1"]

1. e4 e6 2. d4 d5 3. Nd2 Nc6 4. Ngf3 Nf6 5. e5 Nd7 6. Bb5 a6 7. Bxc6 bxc6 8. 0-0 c5 9. c4 c6 10. dxc5 Nxc5 11. Nb3 Nxb3 12. axb3 Be7 13. Be3 0-0 14. Nd4 Bd7 15. cxd5 cxd5 16. f4 f6 17. Nf3 Qb8 18. Bd4 f5 19. Bc3 Qb6+ 20. Kh1 Qb8 21. Nd4 a5 22. Rf3 Bd8 23. Re3 Be7 24. Qd2 Bc5 25. Rd1 a4 26. bxa4 Rxa4 27. b4 Bxd4 28. Bxd4 Qxb4 29. Qxb4 Rxb4 0-1

[Event "Florianopolis op"]
[Site "Florianopolis"]
[Date "2015.01.15"]
[Round "3"]
[White "Starke, Bruno Orlando"]
[Black "Delgado, Lidio Dias"]
[Result "1/2-1/2"]
[WhiteElo "2103"]
[BlackElo "2262"]
[PlyCount "39"]
[EventDate "2015.01.14"]
[EventType "swiss"]
[EventRounds "10"]
[EventCountry "BRA"]
[SourceTitle "CBM 164 Extra"]
[Source "ChessBase"]
[SourceDate "2015.03.02"]
[SourceVersion "1"]
[SourceVersionDate "2015.03.02"]
[SourceQuality "1"]

1. d4 Nf6 2. c4 c5 3. Nf3 cxd4 4. Nxd4 b6 5. Nc3 Bb7 6. f3 d6 7. e4 e6 8. Be3 Be7 9. Be2 0-0 10. 0-0 a6 11. Qe1 Nbd7 12. Qg3 Re8 13. Rfd1 Rc8 14. Rac1 Qc7 15. Qf2 Qb8 16. g4 g6 17. g5 Nh5 18. f4 Nxf4 19. Qxf4 e5 20. Qg4 1/2-1/2

[Event "Maringa op 3rd"]
[Site "Maringa"]
[Date "2013.07.25"]
[Round "3"]
[White "Delgado, Lidio Dias"]
[Black "Deus Filho, Joaquim"]
[Result "0-1"]
[WhiteElo "2294"]
[BlackElo "2040"]
[PlyCount "78"]
[EventDate "2013.07.24"]
[EventType "swiss"]
[EventRounds "8"]
[EventCountry "BRA"]
[SourceTitle "CBM 155 Extra"]
[Source "ChessBase"]
[SourceDate "2013.08.26"]
[SourceVersion "1"]
[SourceVersionDate "2013.08.26"]
[SourceQuality "1"]

1. e4 c5 2. c3 d5 3. exd5 Qxd5 4. d4 cxd4 5. cxd4 Nc6 6. Nf3 Bg4 7. Be2 e6 8. Nc3 Qd6 9. 0-0 a6 10. Be3 Nf6 11. a3 Be7 12. Qb3 0-0 13. Rfd1 Nd5 14. Ne4 Qb8 15. Rac1 Rc8 16. h3 Bf5 17. Nc5 b5 18. Bd2 Bg6 19. Nd7 Qa7 20. Nde5 Nxd4 21. Nxd4 Qxd4 22. Nxg6 hxg6 23. Bf3 Qe5 24. Ba5 Rxc1 25. Rxc1 Bd8 26. Re1 Qg5 27. Bc3 Bb6 28. Be5 Rc8 29. Bxd5 Qd2 30. Rf1 exd5 31. Bc3 Qg5 32. Qb4 d4 33. Bd2 Qd5 34. Qe7 Rc2 35. Bc1 d3 36. Be3 d2 37. Rd1 Rc1 38. Qe8+ Kh7 39. Rxc1 dxc1Q+ 0-1

[Event "Maringa op 3rd"]
[Site "Maringa"]
[Date "2013.07.25"]
[Round "2"]
[White "Zimmermann, Kleber Renato P"]
[Black "Delgado, Lidio Dias"]
[Result "0-1"]
[WhiteElo "1934"]
[BlackElo "2294"]
[PlyCount "98"]
[EventDate "2013.07.24"]
[EventType "swiss"]
[EventRounds "8"]
[EventCountry "BRA"]
[SourceTitle "CBM 155 Extra"]
[Source "ChessBase"]
[SourceDate "2013.08.26"]
[SourceVersion "1"]
[SourceVersionDate "2013.08.26"]
[SourceQuality "1"]

1. d4 Nf6 2. c4 c5 3. Nf3 cxd4 4. Nxd4 b6 5. Nc3 Bb7 6. f3 d6 7. e4 Nbd7 8. Be3 a6 9. Be2 e6 10. 0-0 Be7 11. Qd2 0-0 12. Rfd1 Rc8 13. Rac1 Qc7 14. Bf1 Rfe8 15. b3 Qb8 16. Qf2 Bf8 17. Nde2 Ba8 18. Ng3 Bc6 19. b4 b5 20. a3 Ne5 21. c5 dxc5 22. Bxc5 Bxc5 23. bxc5 Qa7 24. Na2 Ba8 25. a4 bxa4 26. Qd4 Ned7 27. c6 Qxd4+ 28. Rxd4 Rxc6 29. Rxa4 Nb8 30. Rxc6 Bxc6 31. Ra5 Bb7 32. Nb4 g6 33. Ra2 Rc8 34. Nxa6 Bxa6 35. Bxa6 Rc1+ 36. Bf1 Nc6 37. Ra8+ Kg7 38. Rc8 Nd7 39. Rc7 Nde5 40. Kf2 Rb1 41. h3 Rb2+ 42. Kg1 Nd4 43. f4 Nef3+ 44. Kh1 Nh4 45. e5 Rf2 46. Kg1 Rxf4 47. Bd3 Ndf3+ 48. gxf3 Rxf3 49. Ne4 Rxd3 0-1

[Event "Curitiba IRT op"]
[Site "Curitiba"]
[Date "2013.04.06"]
[Round "3"]
[White "Takeda, Lucas Koji"]
[Black "Delgado, Lidio Dias"]
[Result "1/2-1/2"]
[WhiteElo "1984"]
[BlackElo "2296"]
[PlyCount "43"]
[EventDate "2013.04.05"]
[EventType "swiss"]
[EventRounds "6"]
[EventCountry "BRA"]
[SourceTitle "CBM 153 Extra"]
[Source "ChessBase"]
[SourceDate "2013.04.22"]
[SourceVersion "1"]
[SourceVersionDate "2013.04.22"]
[SourceQuality "1"]

1. c4 Nf6 2. g3 g6 3. Bg2 Bg7 4. Nc3 0-0 5. d3 c6 6. e4 d6 7. Nge2 a6 8. a4 a5 9. h3 Na6 10. Be3 Nb4 11. 0-0 d5 12. cxd5 cxd5 13. e5 Nd7 14. f4 Nb8 15. Nd4 N8c6 16. Ncb5 Nxd4 17. Nxd4 f6 18. exf6 Bxf6 19. Qb3 Ra6 20. Kh2 e6 21. Nb5 Rc6 22. Rac1 1/2-1/2

[Event "Maringa op 2nd"]
[Site "Maringa"]
[Date "2012.08.12"]
[Round "9"]
[White "Delgado, Lidio Dias"]
[Black "Matsuura, Everaldo"]
[Result "0-1"]
[WhiteElo "2285"]
[BlackElo "2487"]
[PlyCount "104"]
[EventDate "2012.08.08"]
[EventType "swiss"]
[EventRounds "9"]
[EventCountry "BRA"]
[SourceTitle "CBM 149 Extra"]
[Source "ChessBase"]
[SourceDate "2012.08.24"]
[SourceVersion "1"]
[SourceVersionDate "2012.08.24"]
[SourceQuality "1"]

1. e4 d5 2. exd5 Nf6 3. d4 Nxd5 4. Nf3 g6 5. Be2 Bg7 6. 0-0 0-0 7. h3 Nc6 8. Na3 e5 9. dxe5 Nxe5 10. Nxe5 Bxe5 11. Nc4 Bg7 12. c3 c6 13. Bg4 Qh4 14. g3 Bxg4 15. Qxg4 Qxg4 16. hxg4 Rfe8 17. Rd1 Re6 18. Bd2 Rd8 19. Re1 Nb6 20. Rxe6 fxe6 21. Bg5 Rd5 22. Nxb6 Rxg5 23. Nc4 Rxg4 24. Na5 Rg5 25. Nxb7 Rb5 26. Nd8 Rxb2 27. Nxe6 Bxc3 28. Rc1 Ba5 29. Rxc6 Bb6 30. Rc8+ Kf7 31. Ng5+ Ke7 32. Ne4 Rxa2 33. Kg2 h5 34. Kf3 Rb2 35. Kf4 Rb5 36. g4 h4 37. g5 a5 38. Ra8 Bc7+ 39. Kg4 Rf5 40. Nf6 h3 41. Ra7 Kd8 42. Ra8+ Ke7 43. Ra7 Rc5 44. Kxh3 Ke6 45. Ne4 Rc6 46. Ra8 Kd5 47. f3 Kc4 48. Nd2+ Kb4 49. Kg4 a4 50. f4 Rd6 51. Ra7 Bb6 52. Ra6 Kb5 0-1

[Event "Maringa op 2nd"]
[Site "Maringa"]
[Date "2012.08.12"]
[Round "8"]
[White "Utiyama, Marcel Heimar Ribei"]
[Black "Delgado, Lidio Dias"]
[Result "0-1"]
[WhiteElo "2126"]
[BlackElo "2285"]
[PlyCount "74"]
[EventDate "2012.08.08"]
[EventType "swiss"]
[EventRounds "9"]
[EventCountry "BRA"]
[SourceTitle "CBM 149 Extra"]
[Source "ChessBase"]
[SourceDate "2012.08.24"]
[SourceVersion "1"]
[SourceVersionDate "2012.08.24"]
[SourceQuality "1"]

1. e4 c5 2. Nf3 e6 3. d4 cxd4 4. Nxd4 a6 5. c4 Nf6 6. Nc3 Bb4 7. Bd3 Qc7 8. 0-0 0-0 9. Bd2 Be7 10. Rc1 d6 11. Be3 Nbd7 12. f4 Re8 13. Qf3 Bf8 14. g4 g6 15. g5 Nh5 16. Nde2 Bg7 17. Ng3 Nxg3 18. hxg3 b6 19. g4 Bb7 20. Rf2 f5 21. gxf6 Nxf6 22. g5 Nd7 23. Rh2 Re7 24. Qh3 Bxc3 25. Rxc3 Nc5 26. Bxc5 Qxc5+ 27. Rf2 Rf8 28. Kf1 Qd4 29. Ke2 Bxe4 30. Qe3 Bxd3+ 31. Qxd3 Qc5 32. Qe3 Rf5 33. Qxc5 Rxc5 34. Kd3 Rf7 35. Rb3 b5 36. cxb5 axb5 37. Rc3 e5 0-1